|
|
|
|
| LEADER |
01300nam a2200313 u 4500 |
| 001 |
10023950 |
| 003 |
upatras |
| 005 |
20210117205829.0 |
| 008 |
970220s1973 ge eng |
| 020 |
|
|
|a 3540057927
|
| 040 |
|
|
|a GR-PaULI
|c GR-PaULI
|
| 041 |
0 |
|
|a eng
|
| 082 |
0 |
4 |
|a 512
|
| 100 |
1 |
|
|a Mal'cev, A. I.
|9 150173
|
| 245 |
1 |
0 |
|a Algebraic systems
|c A. I. Mal'cev; translated from the russian by B. D. Seckler and A. P. Doohovskoy
|
| 260 |
|
|
|a Berlin
|b Springer Verlag
|c 1973
|
| 300 |
|
|
|a xii, 317 p.
|b fig.
|c 24 cm.
|
| 490 |
0 |
|
|a Die grundlehren der mathematischen wissenschaften in einzeldarstellungen mit besonderer berucksichtigung der anwendungsgebiete
|v 192
|
| 500 |
|
|
|a With 25 Figures
|
| 504 |
|
|
|a Includes bibliography and index
|
| 650 |
|
4 |
|a Άλγεβρα
|9 105
|
| 700 |
1 |
|
|a Doohovskoy, A. P.
|4 trl
|9 150174
|
| 700 |
1 |
|
|a Seckler, B. D.
|4 trl
|9 150175
|
| 760 |
0 |
|
|a Die Grundlehren der mathematischen Wissenschaften in Einzeldarstellungen
|g 192
|
| 852 |
|
|
|a GR-PaULI
|b ΠΑΤΡΑ
|b ΦΥΣΙΚΟ
|k ΑΕΧ-1
|h 512 MAL
|m 00820
|p 025000022704
|t 1
|
| 942 |
|
|
|2 ddc
|c BK15
|
| 952 |
|
|
|0 0
|1 0
|4 0
|6 512_000000000000000_MAL
|7 0
|9 192717
|a PHYS
|b PHYS
|d 2016-04-24
|i 00820
|l 0
|o 512 MAL
|p 025000022704
|r 2016-04-24 00:00:00
|t 1
|w 2016-04-24
|y BK15
|
| 998 |
|
|
|c ΔΡΑΚΟΠΟΥΛΟΥ
|d 2001-09
|
| 999 |
|
|
|c 118161
|d 118161
|